000
00295 a2200133 4500
999
_c
323444
_d
323444
001
88371
003
NUST
082
_a
823.914 GAR
100
_a
Gardner John
_9
9774
245
_a
Icebreaker
_c
Gardner John
250
_a
1st
260
_a
USA
_b
G.P. Putnam
_c
1983
300
_a
301p
942
_a
CAE NUST
_c
BK
_k
823.914 GAR
_2
ddc